[Event "XI Open Autunno"]
[Site "Robecchetto con Induno ITA"]
[Date "2014.11.20"]
[Round "7"]
[White "Virgilio, Gianluca"]
[Black "Pizzolato, Roberto"]
[WhiteElo "1813"]
[BlackElo "1747"]
[Result "0-1"]
[PlyCount "80"]
[EventDate "2014.10.09"]

1. d4 d5 2. Nf3 c6 3. e3 Nf6 4. Bd3 Bg4 5. Nbd2 Nbd7 6. O-O e6 7. c3 Bd6 8. e4
dxe4 9. Nxe4 Nxe4 10. Bxe4 Qc7 11. h3 Bh5 12. Re1 O-O-O 13. a3 e5 14. d5 cxd5
15. Qxd5 Nf6 16. Bf5+ Kb8 17. Qb5 Bxf3 18. gxf3 Nd7 19. Qe2 g6 20. Bc2 h6 21.
Bd2 f5 22. c4 Rdf8 23. b4 g5 24. c5 Be7 25. Ba4 g4 26. Bxd7 Qxd7 27. Qxe5+ Ka8
28. Qxe7 Qxd2 29. Qe3 Qd5 30. Rad1 Qc4 31. Rd4 Qf7 32. Qe7 Qh5 33. c6 Rb8 34.
cxb7+ Rxb7 35. Rd8+ Rb8 36. Rxh8 Rxh8 37. Qf6 Rc8 38. Qe6 Rd8 39. Qc6+ Kb8 40.
Re7 Rd1+ 0-1